000 00335nam a22001457a 4500
999 _c11219
_d11219
003 OSt
008 220521b ||||| |||| 00| 0 eng d
020 _a978-93-9116-548-2
082 _a181.4 WAD
100 _aWARIKOO,Ankur
245 _aDo Epic Shit
260 _aNew Delhi
_bJuggernaut
_c2021
300 _a293
942 _2ddc
_cBK
_011